000 00783pam a2200265 a 4500
008
020 _a072160515X (pbk.)
049 _aMAIN
050 0 0 _aRK52
_bBRI
100 1 _aBurt, Brian A.
245 1 0 _aDentistry, dental practice, and the community /
_cBrian A. Burt and Stephen A. Eklund.
250 _a6th ed.
260 _aSt. Louis, Mo. :
_bElsevier/Saunders,
_cc2005.
300 _ax, 425 p. :
_bill. ;
_c26 cm.
504 _aIncludes bibliographical references.
500 _aIncludes index.
650 0 _aDental public health.
650 0 _aDentistry
_xPractice.
700 1 _aEklund, Stephen A.
907 _a.b10312006
_b12-04-12
_c12-04-12
003
005 20230120204109.0
040 _cNUST
942 _cBOOKS
999 _c117048
_d117048